| 000 | 00843nam a2200229Ia 4500 | ||
|---|---|---|---|
| 999 |
_c3232 _d3232 |
||
| 003 | OSt | ||
| 005 | 20200330120446.0 | ||
| 008 | 191128s2016 ck a ar 000 1 spa d | ||
| 020 | _a9789585944534 | ||
| 040 |
_aCO-JMCR _cCO-JMCR |
||
| 041 | 0 | _aspa | |
| 082 | 0 | 4 |
_aA / _bSERm |
| 100 | 1 |
_aSerrano, Lucía, _eautor _92145 |
|
| 245 | 1 | 3 |
_aEl más suertudo / _cLucía Serrano |
| 260 |
_aBogotá _bDistribuidora comercial didáctica, _c2016 |
||
| 300 |
_a[16] Páginas sin enumerar : _bIlustraciones en color ; _c16 cm. x 16 cm. |
||
| 490 | 0 | _aPlan nacional de lectura y escritura leer es mi cuento | |
| 520 | 0 | _aMis van al cole en autobus, en moto, en avión… pero yo soy el más suertudo de todos. ¿Quieres saber en qué voy yo? | |
| 546 | _aspa | ||
| 650 | 1 | 4 |
_aRelaciones padres e hijos en la literatura _xálbum _92146 |
| 942 |
_2ddc _cBK |
||